[Event "Dortmund Master"]
[Site "Dortmund"]
[Date "1999.07.09"]
[Round "1"]
[White "Naiditsch, Arkadij"]
[Black "Bischoff, Klaus"]
[Result "0-1"]
[WhiteElo "2425"]
[BlackElo "2521"]
[Annotator "Ribli,Z"]
[PlyCount "108"]
[EventDate "1999.07.09"]
[EventType "tourn"]
[EventRounds "9"]
[EventCountry "GER"]
[EventCategory "9"]
[SourceTitle "CBM 072"]
[Source "ChessBase"]
[SourceDate "1999.10.01"]
[SourceVersion "1"]
[SourceVersionDate "1999.10.01"]
[SourceQuality "1"]

{[%mdl 4100]} 1. Nf3 Nf6 2. g3 d5 3. Bg2 e6 {Das ist ein normaler Zug, aber in
der Turnierpraxis ist 3...c6 mit der Idee 4...Bg4 populärer. Ribli.} 4. O-O Be7
5. c4 O-O 6. cxd5 {Dieser Zug gefällt mir nicht. Weiß hat zwei bessere
Möglichkeiten: 7.b3 mit dem Aufbauplan Lb2, e3, Qe2, Nc3 oder  7.d4 mit einer
Grundstellung der Katalanischen Eröffnung.} exd5 7. d3 (7. b3 Bf5 8. Bb2 c6 9.
d3 h6 10. Nbd2 Nbd7 11. Ne5 (11. a3 a5 12. Ne5 Re8 13. Ndf3 Nxe5 14. Bxe5 Nd7
15. Bc3 Bf6 16. Bxf6 Qxf6 {1/2-1/2 Karolyi,T-Gyimesi,Z/HUN-chT 1993/TD (16)})
11... a5 12. Qc2 a4 13. e4 Nxe5 14. Bxe5 Be6 15. Bc3 dxe4 16. dxe4 axb3 17.
axb3 Qb6 18. h3 Rfd8 {0-1 Mertens,N-Lukez,F/Liechtenstein 1988/EXT 97 (50)}) (
7. d4 c6 $11) 7... c5 $5 8. Nc3 (8. Nbd2 Nc6 9. a3 Re8 10. Re1 Bf8 11. b3 d4
12. Bb2 Be6 13. Qc2 Rc8 {1/2-1/2 Smyslov,V-Savon,V/Leningrad 1971/URS-ch (13)})
(8. b3 Nc6 9. e3 Re8 10. Bb2 Bf5 11. a3 h6 12. Qc2 c4 13. Ne1 cxd3 14. Nxd3 d4
15. Bxc6 bxc6 16. exd4 Ne4 17. Qd1 Ng5 $44 {1/2-1/2 Bellon Lopez,J-Cooper,J/
Nice 1974/MCD (41)}) (8. d4 Nc6 $11 {Wir haben eine bekannte Stellung der
Tarrasch Variante des Damengambits, aber mit Extratempo für Schwarz. Dort hat
Weiß nach 1.d4 d5 2.c4 e6 3.Nc3 c5 4.cxd5 exd5 5.Nf3 Nc6 6.g3 Nf6 7.Bg2 Be7 8.
0-0 0-0 theoretisch bessere Chancen.}) 8... Nc6 9. Bf4 d4 {Wenn dieser
Raumgewinnungszug mit Tempogewinn möglich ist, muß Schwarz die Chance nutzen.}
(9... a6 10. Rc1 b5 11. e4 d4 12. e5 dxc3 13. exf6 Bxf6 14. bxc3 Ra7 15. Nd2
Qb6 16. Ne4 Be7 17. Qf3 Rd7 18. Rfe1 Bb7 {0-1 Kober,D-Voigt,R/Gruenheide 1997/
EXT 98 (46)}) 10. Na4 Nd5 $15 {[%csl Ra4,Gd5] Schwarz entfaltet das viel
bessere Figurenspiel. Der a4-Springer steht schlecht und Weiß muß mit seinem
Läufer weichen.} 11. Bd2 b6 {Schwarz stärkt seinen Damenflügel und spielt
nicht direkt gegen den Springer a4.} (11... b5 $2 {Schwarz scheint auf den
ersten Blick sofort zu gewinnen, aber es folgt eine typische Widerlegung.} 12.
Nxc5 Bxc5 13. Rc1 $16 {[%cal Rc1c6]}) 12. a3 Be6 $5 {Diese Läuferentwicklung
scheint mir chancenreicher als die Alternative. Schwarz kann im folgenden
Schwarz mit ...Qd7 / ...Bh3 den gegnerischen Läufer, der die einzige gute
weiße Figur ist, tauschen.} (12... Bb7) 13. e4 {Die Stellung ist unangenehm
fuer Weiß und er möchte sich vom positionellen Druck befreien.} (13. Rc1 Qd7
$15) 13... dxe3 (13... Nc7) 14. fxe3 Rc8 {[%csl Rd3,Re3][%cal Gd8d3,Ge8e3]
Schwarz hat die viel gesündere Bauernstruktur. Besonders die weißen d-und
e-Bauern sind in den halboffenen Linien angreifbar.} 15. Qe2 Qd7 {[%cal Ge6h3,
Gh3g2,Gf8d8,Gd8d3] Schwarz bereitet ...Rfd8 vor und kann in einigen Varianten
auch ...Bh3 spielen.} 16. b4 {Weiß kompliziert in schlechter Stellung das
Spiel. Nach normalen Zügen erhöht Schwarz seinen positionellen Druck.} cxb4 17.
e4 Nc7 (17... Nc3 18. Nxc3 bxc3 19. Bxc3 Bc5+ 20. Kh1 Rfd8 $15) 18. axb4 Rfd8 {
[%csl Rd3][%cal Rd8d3]} (18... Nxb4 19. Bxb4 Bxb4 20. d4 $44) (18... Bxb4 19.
Bxb4 Nxb4 20. d4 $44) 19. Kh1 Nb5 {[%csl Gb5,Yd4][%cal Gc6d4,Gb5d4] Der
Springer steht auf b5 ausgezeichnet. Er blockiert den weißen b-Bauern und
kontrolliert das wichtige Zentrumsfeld d4.} (19... Qxd3 20. Qxd3 Rxd3 $17) 20.
Ng5 {Weiß kann den Bauern d3 nicht mehr decken.} (20. Nb2 Nxb4 21. Bxb4 Bxb4
$17) (20. Ne1 Nbd4 21. Qh5 Nb3 22. Ra2 (22. Rd1 Bg4 $19 {[%cal Rg4d1,Rg4h5]})
22... b5 $19) 20... Bxg5 21. Bxg5 f6 22. Bf4 Qxd3 $17 {Schwarz hat einen
Bauern gewonnen und entfaltet weiter positionellen Druck, denn die weißen b-
und e-Bauern sind isoliert.} 23. Qxd3 Rxd3 24. Rfc1 {[%cal Gc1c8,Gg2f1,Gf1b5]
Weiß besitzt das Läuferpaar und entfaltet etwas Initiative.} Rdd8 25. Nc3 {
Weiß opfert einen weiteren Bauern für aktives Gegenspiel.} (25. Bf1 Ncd4 $17)
25... Nxc3 26. Rxc3 Nxb4 27. Rxc8 Bxc8 28. Bf1 {[%cal Gf1c4]} (28. Rxa7 Rd1+
$19) 28... Bb7 {[%csl Re4][%cal Rb7h1]} (28... Nc6 29. Bc4+ Kf8 30. Bd5 Bb7 $17
) (28... g5 29. Bb8 a6 30. Bc7 Rd4 31. Bxb6 Rxe4 $17) 29. Bc4+ Kh8 30. Rxa7
Bxe4+ 31. Kg1 {Schwarz hat schon zwei Bauern mehr, aber sein b6-Bauer ist ein
wenig schwach. Anderseits neigt auch die weiße Königsstellung zur Schwäche.}
Nc6 32. Ra6 g5 33. Bc7 {[%cal Rc7d8,Rc7b6]} (33. Be3 Ne5 {[%csl Rg1][%cal
Re5c4,Re5f3,Rf3g1]} 34. Be2 Rc8 35. Rxb6 Rc2 $40) 33... Rd2 {[%csl Rg1]} 34.
Ra8+ Kg7 35. Rg8+ {Schwarz kann seinen König leicht verteidigen.} Kh6 36. Rf8
Kg6 (36... f5 $17) 37. Rg8+ Kf5 {[%csl Gf5]} 38. Re8 Ne5 {[%csl Rg1][%cal
Re5f3,Rf3g1]} 39. Be6+ Kg6 40. Bxe5 (40. Rg8+ Kh6 $17) 40... fxe5 41. Bg4 {
[%cal Re8e5,Re8e6,Re6g6,Re6b6]} Bf5 {Mit diesem Zug gibt Schwarz einen Bauern
zurück, aber befreit sich vom weißen Angriff.} 42. Rg8+ (42. Bxf5+ Kxf5 $19 {
Das Turmendspiel mit zwei Mehrbauern und aktiver Figurenstellung muß gewonnen
sein.}) 42... Kf7 (42... Kf6 $4 43. Rf8+ $18 {[%csl Rf5][%cal Rf8f5]}) 43. Rxg5
Bxg4 44. Rxg4 Rb2 {[%csl Gb2,Rg1][%cal Gb6b5,Gb5b4,Gb4b3] Der b-Freibauer
entscheidet die Partie.} 45. Rg5 Kf6 46. Rh5 b5 {Der h-Bauer zählt nicht. Dies
ist ein gutes Beispiel, daß in Turmendspielen die Qualität der Bauern
wichtiger ist als ihre Anzahl.} 47. Rxh7 {Die Stellung ist zwar materiell
gleich, aber die schnellen schwarzen Freibauern entscheiden die Partie.} b4 48.
h4 b3 49. Rb7 $8 (49. h5 Rc2 50. Rb7 b2 $19) 49... e4 50. Rb6+ (50. h5 Kg5 51.
Rb5+ Kh6 52. g4 e3 $19) 50... Kf5 51. h5 e3 $19 52. g4+ Kxg4 53. h6 Rb1+ 54.
Kg2 e2 {Weiß gab auf.} (54... e2 55. h7 e1=Q 56. Rg6+ Kf5 57. Rf6+ Kg5 $5 $19)
0-1

[Event "Hoogovens op"]
[Site "Wijk aan Zee"]
[Date "1993.01.??"]
[Round "3"]
[White "Schwartzman, Gabriel"]
[Black "Lputian, Smbat G"]
[Result "1/2-1/2"]
[WhiteElo "2455"]
[BlackElo "2610"]
[Annotator "Ribli,Z"]
[PlyCount "170"]
[EventDate "1993.01.??"]
[EventType "swiss"]
[EventRounds "12"]
[EventCountry "NED"]
[SourceTitle "CBM 034"]
[Source "ChessBase"]
[SourceDate "1993.06.01"]
[SourceVersion "1"]
[SourceVersionDate "1993.06.01"]
[SourceQuality "1"]

1. c4 e6 2. Nf3 d5 3. g3 Nf6 4. Bg2 Be7 5. O-O O-O 6. b3 c5 7. Bb2 Nc6 8. e3 d4
9. exd4 cxd4 10. Re1 Ne8 (10... Re8 $5) 11. d3 f6 12. Na3 (12. Ba3 $5 e5 13.
Bxe7 Qxe7 14. a3 a5 15. Nbd2 Nc7 16. Ne4 Bd7 17. h4 f5 18. Ned2 Qf6 19. b4 $1
axb4 20. axb4 Rxa1 21. Qxa1 Re8 22. b5 Nd8 23. Qa7 $16 {Rotstejn,A-Flear,G
Paris 1992 55/11}) 12... e5 13. Nc2 Nc7 14. a3 a5 15. Qd2 (15. Rb1 $5 Be6 16.
Nfxd4 Nxd4 17. Bxd4 exd4 18. Rxe6 Nxe6 19. Bd5 Kh8 20. Bxe6 Bxa3 21. Nxa3 Qe7
$13 {Mestel-Flear Great Britain-ch 1990 50/8}) 15... Na6 (15... Be6 16. Re2 Qd7
17. Rae1 Bc5 18. b4 $1 $16 {McNab,C-Dutton,I Hastings Challenger 1991 EXP/26})
16. Rab1 $6 (16. b4 $1 axb4 17. axb4 Ncxb4 18. Nfxd4 $1 exd4 19. Ba3 Nxc2 (
19... Nc6 20. Bxc6 Bxa3 21. Bd5+ $16) 20. Bxe7 Qxe7 21. Rxe7 Nxa1 22. Qa5 $1
Nb3 23. Qd5+ Kh8 24. Qf7 $18 {Lautier,J-Kotronias,V Sochi-A 1989 CBM/16}) 16...
Rb8 17. Ba1 Bd7 18. b4 axb4 19. axb4 b5 20. c5 Nc7 21. Bb2 Qe8 22. Qe2 {
/\ Sfxd4 >< e7} Rf7 23. Nd2 g5 24. Ne4 Qf8 25. Rf1 Re8 26. Rbe1 f5 27. Nd2 Bf6
28. Qd1 Rfe7 $13 29. Qc1 Qf7 30. f4 exf4 31. gxf4 g4 32. Rxe7 Rxe7 33. Re1
Rxe1+ 34. Qxe1 Nd5 35. Qa1 Nxf4 36. Qa8+ Qe8 37. Qxe8+ Bxe8 38. Bf1 Bf7 39. Na3
Nxb4 40. Nxb5 Nc6 41. Nd6 Be6 42. N2c4 Bg5 43. Bc1 Ne2+ 44. Bxe2 Bxc1 45. Bd1
Be3+ 46. Kf1 f4 47. Ba4 Nb4 48. Ne5 g3 49. Bd7 Bd5 50. hxg3 fxg3 51. Bh3 Bf4
52. Nd7 Bc6 53. Nf6+ Kf8 54. Nf5 Kf7 55. Nh5 Be5 56. Nhxg3 Nxd3 57. Ne2 Nxc5
58. Nfxd4 Bb7 59. Bg4 Ne4 60. Nf3 Bc7 61. Nfd4 Kf6 62. Kg2 Nd2+ 63. Kf2 Bb6 64.
Ke1 Ne4 65. Bd7 h5 66. Bc6 Bxc6 67. Nxc6 h4 68. Ncd4 h3 69. Nf3 Kf5 70. Kf1 Be3
71. Ke1 Ng5 72. Nh2 Ne4 73. Nf3 Nf6 74. Kf1 Ng4 75. Nh4+ Ke4 76. Ng3+ Kd3 77.
Nf3 Bb6 78. Nh1 Ne3+ 79. Kf2 Nf5+ 80. Kf1 Ke3 81. Ng5 h2 82. Kg2 Bc7 83. Nf3
Ke2 84. Nxh2 Bxh2 85. Kxh2 Kf3 1/2-1/2

[Event "Redbus KO"]
[Site "Southend"]
[Date "1999.04.02"]
[Round "1.2"]
[White "McNab, Colin Anderson"]
[Black "Chandler, Murray G"]
[Result "1-0"]
[WhiteElo "2418"]
[BlackElo "2520"]
[Annotator "Ribli,Z"]
[PlyCount "55"]
[EventDate "1999.04.??"]
[EventType "k.o."]
[EventRounds "4"]
[EventCountry "ENG"]
[SourceTitle "CBM 071"]
[Source "ChessBase"]
[SourceDate "1999.08.01"]
[SourceVersion "1"]
[SourceVersionDate "1999.08.01"]
[SourceQuality "1"]

{[%mdl 2112]} 1. c4 e6 2. Nf3 d5 3. b3 {Weiß umgeht die Hauptvarianten und
läßt Schwarz nicht die Variante 3.g3 dxc4 spielen. Ribli.} Nf6 4. g3 c5 5. Bg2
Nc6 {Jetzt oder später könnte Schwarz ...d5-d4 ziehen, aber in diesem Fall
sprengt Weiß mit e2-e3.} 6. O-O Be7 7. e3 O-O 8. Bb2 b6 9. Qe2 Bb7 10. Rd1 {
Ein guter prophylaktischer Zug. Der Turm steht in jedem Fall gut auf d1. In
einigen Varianten spielt Weiß nur d2-d3, in anderen d2-d4.} (10. d4 cxd4 11.
exd4 Rc8 $11) 10... dxc4 (10... Qc7 11. Nc3 Rad8 (11... dxc4 12. bxc4 {
Zugumstellung zur Partiefortsetzung}) 12. cxd5 exd5 (12... Nxd5 13. Nxd5 Rxd5
14. d4 $14) 13. d4 $14) 11. bxc4 Qc7 12. Nc3 Rfd8 13. Rac1 {[%cal Gc1c7]} (13.
d3 a6 14. Rab1 (14. Rac1) 14... Rab8 15. Ba1 Na7 $5 16. a4 Nc6 (16... Bc6 17.
Ne1 Bxg2 18. Kxg2 Nc6 19. f4 Ne8 20. Qf3 Bf6 21. Ne4 Bxa1 22. Rxa1 Nb4 {
1/2-1/2 Spassky,B-Portisch,L/Tilburg 1983/MCD (31)}) 17. Ne1 Nb4 18. f4 Bxg2
19. Qxg2 {1/2-1/2 Tosic,M-Gipslis,A/Alushta 1994/CBM 40 (19)}) 13... a6 {
Ein normaler Prophylaxezug, der gegen Nb5 gerichtet ist. Schwarz schwächt sich
aber den Bauern b6.} (13... Rac8 $6 14. d4 $1 Na5 (14... cxd4 $2 15. exd4 Na5
16. Nb5 {/\ d5+/-}) 15. Nb5 Bxf3 {N} (15... Qb8 {- 36/19}) 16. Bxf3 Qb8 17. d5
a6 18. Nc3 $16 {1/2-1/2 Damljanovic,B-Yermolinsky,A/Moscow (ol) 1994/Inf 62/
[Damljanovic,B] (50)}) (13... Rd7) 14. d3 (14. d4 Na5 15. e4 cxd4 {[#]} 16. Nd5
exd5 17. cxd5 Bc5 18. Nxd4 Ne8 19. Nf5 f6 20. Nd4 Qe7 21. Ne6 Rdc8 22. Nxc5
Rxc5 23. Ba3 Rac8 24. Bh3 R8c7 {ZÜ. 0-1 Mainka,G-Gipslis,A/Nuernberg 1996/EXT
97 (39)}) 14... Na5 {Schwarz verhindert 15.d4 und öffnet die Diagonale des
Läufers b7.} (14... Rab8 15. d4 Na5 16. Nb1 b5 17. cxb5 axb5 18. dxc5 Rxd1+ 19.
Rxd1 {1/2-1/2 Haub,T-Zumsande,M/Bad Zwesten 1999/CBM 68 ext (19)}) (14... Rac8
15. Ba1 h6 16. Rb1 Nd7 17. Na4 Bf8 18. h3 Rb8 19. Nh2 Ne7 20. Bxb7 Rxb7 21. Nc3
Nf6 22. Ng4 Nxg4 23. hxg4 Qc6 24. Ne4 Rbd7 {1-0 Jouhki,Y-Lokotar,E/Helsinki
1993/EXT 99 (50)}) 15. Ba1 {Der Läufer steht auf a1 gut, denn der Zug Rb1
gewinnt an Kraft. Weiß besitzt die Mehrheit im Zentrum und beabsichtig, wenn
möglich, d3-d4. Zur zeit geht das wegen der Schwäche des Bauern c4 noch nicht.}
Rab8 16. Rb1 {[%cal Gb1b6]} Bc6 {[%cal Gb6b5] Schwarz bereitet 17...b5 vor.}
17. a4 Nd7 (17... Ba8 $11 {[%cal Ga5c6,Gc6b4]}) 18. d4 $6 {Weiß öffnet unter
Bauernopfer die Stellung. Ich denke es wäre besser, mit neutralen Zügen
fortzusetzen.} cxd4 19. exd4 Nf6 $2 {Dieser Zug ist schwer zu verstehen. Es
wäre viel logischer, auf f3 zu nehmen und dann auf c4 zu schlagen.} (19... Bxf3
$1 20. Qxf3 (20. Bxf3 Qxc4 21. d5 (21. Qe3 Bf6) 21... Qxe2 22. Bxe2 Nc5 $15)
20... Nxc4 (20... Qxc4) 21. d5 $44 {Weiß hat wegen des Läuferpaares etwas
Kompensation für den Bauern, aber dieser Ersatz überzeugt mich nicht völlig.})
{[#]} 20. d5 $1 $36 {Mit diesem Zug übernimmt Weiß die Initiative.} Be8 (20...
exd5 21. cxd5 (21. Nd4 $5 $44 {[%cal Gd4f5]}) (21. Nxd5 Nxd5 22. cxd5 Bxa4 23.
Rdc1 Qa7 24. Nd4 $44) 21... Nxd5 22. Nxd5 Rxd5 (22... Bxd5 23. Be5 {[%cal
Re5b8]} Bxf3 (23... Bd6 24. Rxd5 $18) 24. Bxc7 Bxe2 (24... Rxd1+ 25. Qxd1 Bxd1
26. Bxb8 $16) 25. Rxd8+ Rxd8 26. Bxd8 Bxd8 27. Re1 $16 {[%csl Re2][%cal Re1e8,
Re8g8]}) 23. Nd4 $44 {[%cal Gg2c6,Ga1g7]}) 21. dxe6 Nxc4 (21... fxe6 22. Ng5
$14) (21... Qxc4 $2 22. exf7+ {[%cal Re2e7,Rf7g8]} Qxf7 23. Ng5 $16) 22. Ng5
$40 Na3 $2 {Nach diesem Zug hängt der Turm auf b1, aber der weiße Angriff am
Königsflügel ist bereits überlegen.} (22... Rbc8 $14) 23. exf7+ (23. Rxd8 Rxd8
24. Re1 $40) 23... Bxf7 24. Nxf7 Kxf7 (24... Nxb1 25. Nxd8 $18) {[#]} 25. Nd5
$1 $16 {Ein schöner Zwischenzug. Die weißen Läufer stehen ausgezeichnet.} (25.
Rbc1 $14) 25... Nxd5 (25... Rxd5 26. Bxd5+ Nxd5 27. Rbc1 Qb7 28. Qh5+ $18 {
[%cal Rh5f7,Rh5d5]}) (25... Qa7 26. Rbc1 $18 {[%csl Re7,Rf7][%cal Rc1c7,Rc7a7,
Rc7f7]}) 26. Bxd5+ Rxd5 (26... Ke8 27. Qh5+ g6 28. Bf7+ $1 $18 (28. Qxh7 Rxd5
29. Qxg6+ $18)) (26... Kf8 27. Qf3+ $18 {[%cal Rf3f8]}) 27. Qf3+ $18 {[%csl
Rf7]} Kg6 (27... Bf6 28. Qxd5+ $18) (27... Ke8 28. Qxd5 Nxb1 29. Qg8+ Bf8 30.
Re1+ $18) 28. Rxd5 {[%csl Rg6][%cal Rf3h5,Rh5g6] Schwarz gab auf. Er befindet
sich im Mattnetz.} 1-0

[Event "Lisbon zt"]
[Site "Lisbon"]
[Date "1993.??.??"]
[Round "2"]
[White "Contin, Daniel"]
[Black "Arlandi, Ennio"]
[Result "1/2-1/2"]
[WhiteElo "2395"]
[BlackElo "2460"]
[Annotator "Ribli,Z"]
[PlyCount "117"]
[EventDate "1993.03.??"]
[EventType "tourn"]
[EventRounds "11"]
[EventCountry "POR"]
[EventCategory "7"]
[SourceTitle "CBM 035"]
[Source "ChessBase"]
[SourceDate "1993.08.01"]
[SourceVersion "1"]
[SourceVersionDate "1993.08.01"]
[SourceQuality "1"]

1. c4 e6 2. Nf3 d5 3. b3 Nf6 4. g3 Be7 5. Bg2 O-O 6. O-O b6 7. Bb2 Bb7 8. e3
Nbd7 9. Qe2 a5 (9... c5 $5) 10. cxd5 (10. Nc3 $5 {Tal,M-Cifuentes Parada,R/
Buenos Aires Najdorf/1991/CBM24/}) 10... Nxd5 11. d3 Bf6 12. Rd1 a4 13. e4 Bxb2
14. Qxb2 N5f6 15. b4 Qe7 16. Na3 Rfd8 17. Rac1 Ne8 $5 18. Re1 c5 $1 (18... e5
19. d4 $1 $36) 19. b5 e5 20. Nc4 f6 21. Bh3 Nd6 22. Nfd2 (22. Bxd7 Nxc4 $1 23.
dxc4 Rxd7 $15) 22... Rab8 23. Rc3 (23. Bxd7 Qxd7 24. Nxb6 Qxb5 25. Qxb5 Nxb5
26. Rxc5 Rxd3 27. Rxb5 Ba6 28. Rb2 a3 $1 29. Rc2 Rxb6 $17) 23... Bc8 24. Ra3
Nf8 25. Bxc8 Nxc8 26. Re3 Ra8 27. Qc2 Ne6 28. Nf3 (28. Rxa4 Nd4 29. Qd1 Rxa4
30. Qxa4 Qd7 $10) 28... Qd7 29. Rxa4 Rxa4 30. Qxa4 Nc7 31. Qd1 (31. Na3 Nd6 32.
Qa7 Ncxb5 $17) 31... Qxb5 32. Re1 Qd7 33. Re2 b5 (33... Qxd3 $4 34. Rd2 $18)
34. Na5 Ne6 (34... c4 $2 35. Rd2) 35. Qb3 Kf7 36. Re3 Nb6 37. Qc2 Ra8 38. Nb3
Rc8 39. Nbd2 Ke7 40. Qb1 Na4 41. Nh4 g6 42. Ng2 Ra8 43. Qc1 Qd4 44. Re1 Qxd3
45. Ne3 Nd4 46. Kg2 Ne2 47. Qd1 Nac3 48. Qb3 Qxd2 49. Rxe2 Nxe2 50. Nd5+ Kf8
51. Qxb5 Qd4 (51... Qc2 $19) 52. Qxe2 f5 $2 (52... Kg7 $1) 53. Nc7 Re8 54. exf5
gxf5 55. Nxe8 Kxe8 56. Qh5+ Kd8 57. Qg5+ Kc7 58. Qxf5 c4 59. Qxh7+ 1/2-1/2